000 01635cam a22003857a 4500
003 CHAP
005 20220329142721.0
008 030120d2002 mx rs 00110 spa d
010 _a86770
011 _a87742
020 _a9701338111
035 _a98286
040 _cCHAP
082 0 4 _a312.0972
_bI65
110 2 _aInstituto Nacional de Estadística, Geografía e Informática. México
_959304
245 1 0 _aEstadísticas vitales
_c/por Instituto Nacional de Estadística Geografía e Informática
260 _aAguascalientes, Ags. :
_bInstituto Nacional de Estadística Geografía e Informatica,
_c2001-
300 _av. :
_bgráfs.
490 0 _aBoletín de estadísticas continuas, demográficas y sociales
500 _aLa biblioteca tiene: 2001, 2002, 2003, 2005
590 _aBATCH-UPD
_b10
_c20130109
_lUCH01
_h2308
590 _aBATCH-UPD
_b10
_c20130110
_lUCH01
_h0545
590 _aBATCH-UPD
_b10
_c20130409
_lUCH01
_h1825
590 _aBATCH-UPD
_b10
_c20130410
_lUCH01
_h0226
590 _aBATCH-UPD
_b10
_c20130914
_lUCH01
_h0651
590 _aCONVERSION
_b10
_c20130109
_lUCH01
_h1348
650 1 4 _aMéxico
_xEstadísticas vitales.
_976746
830 0 0 _aBoletín de estadísticas continuas, demográficas y sociales
_913524
901 _aBK
942 _cLIBRO
949 _a312.0972 I65
_bBC
_cINEGI
_d33724000886669
_eINEGI
_f2001
_h103474
_i98286
_sb
949 _a312.0972 I65
_bBC
_cINEGI
_d33724000893707
_eINEGI
_f2002
_h103592
_i98286
_sb
949 _a312.0972 I65
_bBC
_cINEGI
_d33724000970315
_eINEGI
_f2003
_gD
_h107577
_i98286
_sb
949 _a312.0972 I65
_bBC
_cINEGI
_d33724000992889
_eINEGI
_f2005
_gDonaciØn
_h107777
_i98286
_sb
999 _c86770
_d86770